Southville International School and Colleges
Your cart is empty.
  • Cart
  • Lists
    Public lists Eva Luna New books Lux_list list_1
    Your lists Log in to create your own lists
  • Log in to your account
  • Your cookies
  • Search history
Southville International School and Colleges
  • Advanced search
  • Recent comments
  • Most popular
  • Libraries

Log in to your account

Log in with GOOGLE


If you do not have an external account, but do have a local account, you can still log in:

  1. Home
  2. MARC view: The literatures of the Philippines /
Normal view MARC view ISBD view

The literatures of the Philippines / (Record no. 118163)

[ view plain ]
MARC details
000 -LEADER
fixed length control field 00575nam a2200181Ia 4500
008 - FIXED-LENGTH DATA ELEMENTS--GENERAL INFORMATION
fixed length control field 140609s9999 xx 000 0 und d
020 ## - INTERNATIONAL STANDARD BOOK NUMBER
International Standard Book Number 9789712351020
050 ## - LIBRARY OF CONGRESS CALL NUMBER
Classification number PL 5531
Item number .L712 2008
100 ## - MAIN ENTRY--PERSONAL NAME
Personal name Lacia, Ferdilyn C.
245 #4 - TITLE STATEMENT
Title The literatures of the Philippines /
Statement of responsibility, etc Ferdilyn C. Lacia, Mark G. Fabella, Lydia L. Libunao
250 ## - EDITION STATEMENT
Edition statement Rev. ed.
260 ## - PUBLICATION, DISTRIBUTION, ETC. (IMPRINT)
Place of publication, distribution, etc Manila, Philippines :
Name of publisher, distributor, etc Rex Book store,
Date of publication, distribution, etc c2008.
300 ## - PHYSICAL DESCRIPTION
Extent 318 p. :
Other physical details map ;
Dimensions 23 cm.
500 ## - GENERAL NOTE
General note Includes bibliographical references and index.
521 ## - TARGET AUDIENCE NOTE
Target audience note
942 ## - ADDED ENTRY ELEMENTS (KOHA)
Call number prefix Local
Koha item type Books
Holdings
Withdrawn status Lost status Damaged status Home library Current library Shelving location Date acquired Cost, normal purchase price Total Checkouts Total Renewals Full call number Barcode Date last seen Date checked out Price effective from Koha item type
      College Library College Library Filipiniana Section 06/09/2014 458.00 2 3 PL 5531 .L712 2008 C18451 12/13/2023 11/08/2023 06/09/2014 Books

The literatures of the Philippines /

APA

Lacia F. C., . (2008). The literatures of the Philippines. Manila, Philippines: Rex Book store.

Chicago

Lacia Ferdilyn C, . 2008. The literatures of the Philippines. Manila, Philippines: Rex Book store.

Harvard

Lacia F. C., . (2008). The literatures of the Philippines. Manila, Philippines: Rex Book store.

MLA

Lacia Ferdilyn C, . The literatures of the Philippines. Manila, Philippines: Rex Book store. 2008.

  • Place hold
  • Print
  • Cite
  • Add to your cart (remove)
  • Save record
    BIBTEX Dublin Core MARCXML MARC (non-Unicode/MARC-8) MARC (Unicode/UTF-8) MARC (Unicode/UTF-8, Standard) MODS (XML) RIS
  • More searches
    Search for this title in:
    Other Libraries (WorldCat) Other Databases (Google Scholar) Online Stores (Bookfinder.com) Open Library (openlibrary.org)

Exporting to Dublin Core...

SOUTHVILLE LIBRARY

Southville International School and Colleges Library

1281 Tropical Ave. Cor. Luxembourg St., BF Homes International, Las Pinas City

Tel. No. 8256374 / 252358 Loc. 117/146

Powered by Koha